00772nam a2200193 i 4500001000700000003000900007005001700016007000300033008004100036100002800077245014800105260006900253300003100322700003000353700003400383852002200417999001900439952012000458128016ES-MaACL20230906193136.0t|070214s1923 xxk |||| | eng d1 aRivers, W. H. R.99771610aPsychology and politics and other essays / cby W. H. R. Rivers ; with a preparatory note by G. Elliot Smith and an appreciation by C.S. Myers. aLondon : b[s. n.], c1923 (eEdinburgh : fThe Edinburgh Press) aVII, 181 p ; c23 x 14 cm.1 aSmith, G. Elliot.91068711 aMyers, Charles Samuel.984753 aES-MaACLjB-11231 c128016d128016 00104070aATENEOMbATENEOMcSPBd2008-01-17eSCl0oB-11231p1133331r2023-02-23 00:00:00w2023-02-23yMONOGRAFIA